Statistics for Animals Sounds

Click here to take the quiz!

General Stats

  • This quiz has been taken 23 times
  • The average score is 10 of 12

Answer Stats

HintAnswer% Correct
meowcat
100%
mooooooooocow
100%
woofdog
100%
oinkpig
100%
hisssnake
89%
buzzbee
83%
quackduck
83%
neighhorse
83%
squeakmouse
78%
Hee-Hawdonkey
67%
cahcrow
50%
beeeeeesheep
33%

Score Distribution

Percentile by Number Answered

Percent of People with Each Score

Your Score History

You have not taken this quiz